| 000 | 00614nam a2200241Ia 4500 | ||
|---|---|---|---|
| 008 | 180523s9999 xx 000 0 und d | ||
| 020 | _a981-265-746-3 | ||
| 050 | _aMAIN QP 360 | ||
| 050 | _b.K35 2005 | ||
| 100 | _aKalat, James W. | ||
| 245 | 0 | _aBiological psychology / | |
| 245 | 0 | _cJames W. Kalat. | |
| 250 | _a8th Edition | ||
| 260 | _aSingapore : | ||
| 260 | _bThomson Learning, | ||
| 260 | _c2005 | ||
| 300 | _a607 pages : | ||
| 300 | _billustrations ; | ||
| 300 | _c25 cm. | ||
| 500 | _aIncludes index. | ||
| 650 | _aNeuropsychology -- Textbooks. | ||
| 650 | _xPsychobiology -- Textbooks. | ||
| 999 |
_c357584 _d357584 |
||